Nazwy państw Azji w językach ojczystych (TRUDNE) - Statystyki

Ogólne statystyki
  • Ten quiz został rozwiązany 35 razy
  • Średni wynik to 26 z 48
Statystyki odpowiedzi
Nazwa państwa w języku ojczystym Nazwa państwa po polsku % Poprawnych
Oʻzbekiston Uzbekistan
97%
Việt Nam Wietnam
97%
Malaysia Malezja
94%
Timór-Leste Timor Wschodni
94%
Azərbaycan Azerbejdżan
90%
Brunei Brunei
90%
Pilipinas Filipiny
87%
Indonesia Indonezja
87%
Türkiye Turcja
87%
Türkmenistan Turkmenistan
87%
日本 Japonia
77%
Қазақстан Kazachstan
77%
中国 Chiny
71%
Монгол улс Mongolia
71%
한국 Korea Południowa
68%
Кыргызстан Kirgistan
65%
Тоҷикистон Tadżykistan
65%
조선 Korea Północna
61%
יִשְרָאֵל Izrael
58%
ประเทศไทย Tajlandia
55%
台湾 Tajwan
52%
الإمارات العربيّة المتّحدة Zjednoczone Emiraty Arabskie
48%
Հայաստան Armenia
45%
বাংলাদেশ Bangladesz
45%
الأردن Jordania
45%
ປະເທດລາວ Laos
45%
عُمان Oman
45%
საქართველო Gruzja
42%
‏اليمن Jemen
42%
កម្ពុជា Kambodża
42%
قطر Katar
42%
नेपाल Nepal
42%
Κύπρος Cypr
39%
الْعِرَاق Irak
39%
السعودية Arabia Saudyjska
35%
البحرين Bahrajn
35%
ايران Iran
35%
الكويت Kuwejt
35%
မြန်မာ Mjanma
35%
ශ්රී ලංකාව Sri Lanka
35%
سوريا Syria
35%
افغانستان Afganistan
32%
འབྲུག་ཡུལ Bhutan
32%
भारत Indie
32%
لبنان Liban
29%
ދިވެހިރާއްޖެ Malediwy
26%
پاکِستان Pakistan
26%
新加坡 Singapur
26%
Nie znaleziono quizów pasujących do podanych kryteriów
Rozkład punktacji
Procent ludzi z każdym wynikiem
Percentyl według liczby udzielonych odpowiedzi
Twoja historia wyników
Nie rozwiązałeś tego quizu